00870nam a2200241 a 450000100060000000300080000600500170001400800410003103500190007204000320009104100080012308200240013110000360015524501040019126000460029530000340034149000660037550000210044165000330046265100380049570000480053383000470058158834BD-RjUL20211209080649.0161220s1951 enka 001 0 eng d a(BD-RjUL)58958 aNUNbengcNUNdANLdBD-RjUL aeng04223a332.6bLAI 19511 aLakdawala, Dansukhlal Tulsidas.10aInternational aspects of Indian economic development /cD.T. Lakdawala, with forward by C.N. Vakil. aLondon :bOxford University Press,c1951. a[7], 190 p. :bill. ;c21 cm.1 aPublications: Economics series / University of Bombay ;vno.5 aIncludes index. 0aInvestments, ForeignzIndia. 0aIndiaxEconomic conditionsy1945-1 aVakil, C. N.q(Chandulal Nagindas),d1895-. 0aUniversity of Bombay publications.vno. 5.